000 01377 a2200289 4500
003 Nust
005 20220816192246.0
010 _a 2005010792
020 _a0471718165 (cloth : alk. paper)
020 _a9780471718161 (cloth : alk. paper)
035 _a(OCoLC)ocm59147736
040 _cNust
082 0 0 _a621.3821,MOB
245 0 0 _aMobile, wireless, and sensor networks :
_btechnology, applications, and future directions /
_cedited by Rajeev Shorey ... [et al.].
260 _a[Piscataway] :
_bIEEE Press ;
_aHoboken, N.J. :
_bWiley-Interscience,
_cc2006.
300 _axvii, 430 p. :
_bill. ;
_c25 cm.
505 _aPart 1:- Recent Advances in Wlans and Multihop Wireless Networks (Page-5) Part 2:- Recent Advances and Research in Sensor Networks (Page-145) Part 3:- Middle ware Application, AND New Paradigms (Page-313).
650 0 _aMobile communication systems.
_918556
650 0 _aSensor networks.
_994573
650 0 _aTelecommunication Engineering
650 0 _aWireless LANs.
_994460
700 1 _aShorey, Rajeev.
_997519
856 4 1 _3Contributor biographical information
_uhttp://www.loc.gov/catdir/enhancements/fy0654/2005010792-b.html
856 4 1 _3Publisher description
_uhttp://www.loc.gov/catdir/enhancements/fy0622/2005010792-d.html
856 4 1 _3Table of contents
_uhttp://www.loc.gov/catdir/toc/ecip0511/2005010792.html
942 _2ddc
_cBK
999 _c179745
_d179745